| 000 | 01784nam a2200241Ia 4500 | ||
|---|---|---|---|
| 008 | 260220t1993||||xx |||||||||||||| ||spa|| | ||
| 040 |
_aPY-SlUNAC _bspa _erda |
||
| 041 | _aspa | ||
| 082 |
_a515.1 _bD395c |
||
| 100 |
_aDemidovich, B. P. _eAutor |
||
| 245 | 0 |
_aCálculo numérico fundamental / _cpor B. P. Demidovich [Autor] |
|
| 264 |
_aMadrid : _bParaninfo, _c℗1993. |
||
| 300 | _a1 volumen | ||
| 520 | _aEl libro "Cálculo numérico fundamental" de B. P. Demidovich ofrece una introducción exhaustiva a los métodos y técnicas de cálculo numérico, esenciales para la resolución de problemas matemáticos complejos. A lo largo de sus capítulos, el autor aborda temas como la interpolación, la integración numérica, la resolución de ecuaciones no lineales, y la aproximación de funciones, proporcionando una base sólida en los métodos utilizados en el análisis numérico. Demidovich enfatiza la importancia de la precisión y la estabilidad en los algoritmos, así como el papel fundamental de la computación en la implementación de estos métodos. Además, el texto incluye numerosos ejemplos ilustrativos y ejercicios prácticos que fomentan la comprensión de los conceptos presentados. Dirigido a estudiantes de matemáticas, ingeniería y ciencias aplicadas, el libro se erige como un recurso valioso para quienes buscan profundizar en el cálculo numérico y su aplicación en diversas disciplinas. Su enfoque claro y estructurado lo convierte en una referencia esencial en el campo. | ||
| 653 | _aAnálisis matemático | ||
| 653 | _aCálculo numérico | ||
| 653 | _aMatemáticas | ||
| 942 |
_b2026/02/17 _cBK |
||
| 999 |
_c7554 _d7554 |
||